| 000 | 007210000a22001810004500 | ||
|---|---|---|---|
| 003 | MACL | ||
| 005 | 20160506103949.0 | ||
| 008 | 160506b xxu||||| |||| 00| 0 eng d | ||
| 040 |
_aMACL _cMACL |
||
| 041 | _aHindi | ||
| 082 | _a800 KEJ | ||
| 100 |
_aकेजरीवाल, ओम प्रकाश _955380 |
||
| 245 |
_aविदेश में हिंदी स्थिति और संभावनाएं _cओम प्रकाश केजरीवाल |
||
| 260 |
_bनेहरू स्मारक संग्रहालय एवं पुस्तकालय _c2004 _aनई दिल्ली |
||
| 350 | _a500 | ||
| 650 |
_aLiterature _955381 |
||
| 942 |
_cHIN _k800/KEJ/L _2ddc |
||
| 999 |
_c10823 _d10823 |
||